| 000 | 00494nam a2200193Ia 4500 | ||
|---|---|---|---|
| 005 | 20260122095456.0 | ||
| 008 | 260121s9999||||xx |||||||||||||| ||und|| | ||
| 020 | _a9788132203889 | ||
| 082 |
_a005.133 _bQIA |
||
| 100 | _aQian, Kai | ||
| 245 | 0 | _aEmbedded software development with C / | |
| 260 |
_aNew Delhi : _bSpringer, _c2011. |
||
| 300 | _axiv, 390 p.; pbk | ||
| 650 | _aC Programme | ||
| 650 | _aCompeter Science | ||
| 700 | _aCao, Li | ||
| 700 | _aHaring, David Den | ||
| 942 | _cTB | ||
| 999 |
_c48114 _d48114 |
||